000 00289nam a2200121Ia 4500
008 190216s9999||||xx |||||||||||||| ||und||
100 _aThunjathu Ezhuthachan
245 0 _aSthreeparvam
260 _bCalicut University Publications
300 _a72
650 _aKavithakal
942 _cBK
999 _c27148
_d27148